00657nam a2200193Ia 4500008004100000040001800041041000800059100001600067100002100083245011200104260005100216300004500267500003800312500002100350650002400371650002800395650001500423650002500438130821s1954 enka gr eng  aCo-BoUCMbspa00aeng1 aKalecki, M.1 aKalecki, Michal.10aTheory of economic dynamics an easy on cyclical and long-run cahnges in capitalist economycMichal kalecki aLondres (Inglaterra)bUnwin Brothers Ltdc1954 a178 páginasbilustraciones, gráficas aDonación Dr. Álvaro Daza Roa. aIncluye índice04aCiclos económicos04aEconomía matemática04aEconomía04aTeoría económica